Which continent is it in #2 - Statistics

General Stats
  • This quiz has been taken 977 times
  • The average score is 18 of 20
Answer Stats
Hint Answer % Correct
Kenya Africa
96%
Liechtenstein Europe
96%
Madagascar Africa
95%
Afghanistan Asia
95%
Iran Asia
95%
Australia Oceania
95%
Portugal Europe
94%
Austria Europe
94%
Peru South America
94%
Tanzania Africa
93%
Senegal Africa
93%
Syria Asia
93%
Israel Asia
93%
Uruguay South America
93%
South Sudan Africa
92%
Fiji Oceania
91%
Solomon Islands Oceania
91%
Togo Africa
87%
Nicaragua North America
81%
Grenada North America
79%
No matching quizzes found
Score Distribution
Percent of People with Each Score
Percentile by Number Answered
Your Score History
You have not taken this quiz